Cirujano del aire (Registro nro. 23747)
[ vista simple ]
| 000 -CABECERA | |
|---|---|
| Longitud fija campo de control | 00625nam a22002051 4500 |
| 003 - IDENTIFICADOR DELl NÚMERO DE CONTROL | |
| Identificador del número de control | OSt |
| 005 - FECHA Y HORA DE LA ÚLTIMA TRANSACCIÓN | |
| Fecha y hora de la última transacción | 20151208165039.0 |
| 008 - CÓDIGOS DE INFORMACIÓN DE LONGITUD FIJA | |
| Códigos de información de longitud fija | 990201s1974 sp spa |
| 020 ## - NÚMERO INTERNACIONAL NORMALIZADO PARA LIBROS | |
| Número Internacional Normalizado para Libros (ISBN) | 84-226-0530-9 |
| 040 ## - FUENTE DE LA CATALOGACIÓN | |
| Centro transcriptor | BMC |
| 082 ## - NÚMERO DE LA CLASIFICACIÓN DECIMAL DEWEY | |
| Númeroo de clasificación | 813.5 |
| 100 1# - PUNTO DE ACCESO PRINCIPAL-NOMBRE DE PERSONA | |
| Nombre de persona | Slaughter, Frank G. |
| 9 (RLIN) | 36551 |
| Fechas asociadas al nombre | 1908-2001 |
| 245 10 - MENCIÓN DE TÍTULO | |
| Título | Cirujano del aire |
| Mención de responsabilidad, etc. | Frank G. Slaughter ; [traducción, Eliseo Rodríguez] |
| 260 ## - PUBLICACIÓN, DISTRIBUCIÓN, ETC. (PIE DE IMPRENTA) | |
| Lugar de publicación, distribución, etc. | Barcelona |
| Nombre del editor, distribuidor, etc. | Círculo de Lectores |
| Fecha de publicación, distribución, etc. | D.L. 1974 |
| 300 ## - DESCRIPCIÓN FÍSICA | |
| Extensión | 334 p., 1 h. |
| Dimensiones | 20 cm |
| 546 ## - NOTA DE LENGUA | |
| Nota de lengua | Traducción de: Eliseo Rodríguez |
| 650 24 - PUNTO DE ACCESO ADICIONAL DE MATERIA - TÉRMINO DE MATERIA | |
| 9 (RLIN) | 17595 |
| Término de materia o nombre geográfico como elemento inicial | Novela norteamericana |
| 700 1# - PUNTO DE ACCESO ADICIONAL - NOMBRE DE PERSONA | |
| 9 (RLIN) | 37452 |
| Nombre de persona | Rodríguez, Eliseo |
| 942 ## - ENTRADA DE ELEMENTOS AGREGADOS (KOHA) | |
| Fuente de clasificaión o esquema | Dewey Decimal Classification |
| Koha [por defecto] tipo de item | 1- Monografias |
| Suprimido | Perdido | Fuente de clasificación o esquema | Estropeado | Restricciones de uso | No para préstamo | Código de colección | Localización permanente | Localización actual | Localización en estanter&íacute;as | Fecha adquisición | Fuente de adquisición | Número de inventario | Préstamos totales | Signatura completa | Código de barras | Fecha última consulta | Coste, precio reemplazado | Fecha del precio de reemplazo | Tipo de item de Koha |
|---|---|---|---|---|---|---|---|---|---|---|---|---|---|---|---|---|---|---|---|
| NULL | NULL | Dewey Decimal Classification | NULL | Prestable | NULL | NULL | Biblioteca Miguel de Cervantes - UNICAES | Biblioteca Miguel de Cervantes - UNICAES | Sala Principal | 26/11/2015 | Donación - ADESH | 031255 | N SLA cir | 1035409 | 26/11/2015 | 12.00 | 26/11/2015 | 1- Monografias |